Características de la educación de la Compañía de Jesús /

Salvato in:
Dettagli Bibliografici
Ente Autore: Compañía de Jesús. Comisión Internacional para el Apostolado Educativo
Natura: Libro
Lingua:spagnolo
Pubblicazione: México : Buena Prensa, 1987, c1987
Soggetti:
Tags: Aggiungi Tag
Nessun Tag, puoi essere il primo ad aggiungerne!!

MARC

LEADER 00000nam^a2200000^a^4500
001 000431754
005 20250526000000.0
009 20260310122957.935
037 |a Acervo Xavier Clavigero 
041 |a ESP 
082 |a 371. 39  |b COM 
110 |a Compañía de Jesús.  |b Comisión Internacional para el Apostolado Educativo 
245 1 0 |a Características de la educación de la Compañía de Jesús /  |c Compañía de Jesús. 
264 4 |a México :  |b Buena Prensa,  |c 1987, c1987 
300 |a 68 p. ;  |c 21.5 cm. 
336 |a texto  |b txt  |2 rdacontenido 
337 |a sin mediación  |b n  |2 rdamedio 
338 |a volumen  |b nc  |2 rdasoporte 
649 |a XX 
650 |a Jesuitas en la Educación -  |x Tema Principal 
650 |a Monasticismo y Ordenes Religiosas 
650 |a Iglesia y Educación 
650 |a Pedagogía Ignaciana -  |x Tema Principal 
650 |a Metodología Educativa 
650 |a Proceso Educativo 
650 |a Humanismo 
650 |a Axiología de la Educación 
650 |a Antropología Educativa 
650 |a Filosofía de la Educación 
650 |a Educación 
650 |a Catolicismo 
650 |a Cristianismo 
650 |a Religión 
910 |a Fondo General 
920 |a Impresos - Libros 
930 |a Libros Antiguos y Raros 
940 |a Jesuitas - Selección de la Compañía de Jesús 
905 |a 108 
901 |a 045873  |b IT2  |c LRA  |i D45873  |u 20250526 
902 |a https://opac.biblio.iteso.mx/vufind/Record/000431754